Revista Joaquín Costa (Record no. 193437)
[ view plain ]
| 000 -LEADER | |
|---|---|
| campo de control de longitud fija | 01676nas a2200457 i 4500 |
| 001 - NÚMERO DE CONTROL | |
| campo de control | 193437 |
| 003 - IDENTIFICADOR DE NÚMERO DE CONTROL | |
| campo de control | SpMaBN |
| 005 - FECHA Y HORA DE LA ÚLTIMA TRANSACCIÓN | |
| campo de control | 20240814063037.0 |
| 006 - CÓDIGOS DE INFORMACIÓN DE LONGITUD FIJA--CARACTERÍSTICAS DEL MATERIAL ADICIONAL | |
| campo de control de longitud fija | m g d |
| 007 - CAMPO FIJO DE DESCRIPCIÓN FÍSICA--INFORMACIÓN GENERAL | |
| campo de control de longitud fija | cr*||||||||||| |
| 008 - DATOS DE LONGITUD FIJA--INFORMACIÓN GENERAL | |
| campo de control de longitud fija | 231204c20219999sp ar p so 0uuub0mul |
| 010 ## - NÚMERO DE CONTROL DE LA BIBLIOTECA DEL CONGRESO | |
| Número de control de LC | n |
| Número de control de NUCMC | 0 |
| 022 0# - NÚMERO INTERNACIONAL NORMALIZADO PARA PUBLICACIONES SERIADAS | |
| Número Internacional Normalizado para Publicaciones Seriadas | 2951-651X |
| Fuente | _u |
| 035 ## - NÚMERO DE CONTROL DEL SISTEMA | |
| Número de control de sistema | a7105712 |
| 037 ## - FUENTE DE ADQUISICIÓN | |
| Fuente del número de adquisición | C/ del Parque, 10, 22002; tf. 974294120; c.e.: publicaciones@iea.es, www.iea.es |
| 040 ## - FUENTE DE CATALOGACIÓN | |
| Centro catalogador/agencia de origen | SpMaBN |
| Lengua de catalogación | spa |
| Centro/agencia transcriptor | SIC |
| Normas de descripción | rdc |
| 041 0# - CÓDIGO DE IDIOMA | |
| Código de lengua del sumario o resumen | eng |
| 080 ## - NÚMERO DE LA CLASIFICACIÓN DECIMAL UNIVERSAL | |
| Número de la Clasificación Decimal Universal | 929 Costa, Joaquín |
| 080 ## - NÚMERO DE LA CLASIFICACIÓN DECIMAL UNIVERSAL | |
| Número de la Clasificación Decimal Universal | 32 Costa, Joaquín |
| 130 0# - ENTRADA PRINCIPAL--TÍTULO UNIFORME | |
| Título uniforme | Revista Joaquín Costa (Internet) |
| 9 (RLIN) | 234629 |
| 210 0# - TÍTULO ABREVIADO | |
| Título abreviado | Rev. Joaquín Costa |
| Información calificativa | Internet |
| 222 #0 - TÍTULO CLAVE | |
| Título clave | Revista Joaquín Costa |
| Información calificativa | Internet |
| 245 10 - MENCIÓN DEL TÍTULO | |
| Título | Revista Joaquín Costa |
| 246 3# - FORMA VARIANTE DEL TITULO | |
| Título propio/Titulo breve | Joaquín Costa |
| 260 ## - PUBLICACIÓN, DISTRIBUCIÓN, ETC. | |
| Lugar de publicación, distribución, etc. | Huesca : |
| Nombre del editor, distribuidor, etc. | Instituto de Estudios Altoaragoneses, |
| Fecha de publicación, distribución, etc. | 2021- |
| 310 ## - PERIODICIDAD ACTUAL | |
| Periodicidad actual | Anual |
| 336 ## - TIPO DE CONTENIDO | |
| Término de tipo de contenido | Texto (visual) |
| Fuente | isbdcontent |
| 337 ## - TIPO DE MEDIO | |
| Nombre/término del tipo de medio | electrónico |
| Fuente | isbdmedia |
| 362 0# - FECHAS DE PUBLICACIÓN Y/O DESIGNACIÓN SECUENCIAL | |
| Fecha de publicación y/o designación secuencial | 33 (2021)- |
| 546 ## - NOTA DE IDIOMA | |
| Nota de lengua/lenguaje | Resúmenes en inglés |
| 594 ## - Nota al título y mención de responsabilidad | |
| Nota al título y mención de responsabilidad | Título tomado de la portada del Pdf (consultado el 5 de diciembre 2023) |
| 600 14 - PUNTO DE ACCESO ADICIONAL DE MATERIA--NOMBRE DE PERSONA | |
| Nombre de persona | Costa, Joaquín, |
| Fechas asociadas al nombre | 1846-1911 |
| Fuente del encabezamiento o término | embne |
| 9 (RLIN) | 41054 |
| 655 #0 - TERMINO DE INDIZACIÓN--GENERO/FORMA | |
| Datos o término principal de género/forma | Páginas Web |
| Fuente del término | tgfbne |
| 9 (RLIN) | 226719 |
| 655 #7 - TERMINO DE INDIZACIÓN--GENERO/FORMA | |
| Datos o término principal de género/forma | Revistas electrónicas |
| Fuente del término | tgfbne |
| 9 (RLIN) | 226718 |
| 710 2# - ENTRADA AGREGADA--NOMBRE DE ENTIDAD CORPORATIVA | |
| Número de control del registro de autoridad o número normalizado | (isni)0000000108604464 |
| Nombre de entidad corporativa o nombre de jurisdicción como elemento de entrada | Instituto de Estudios Altoaragoneses |
| 9 (RLIN) | 4888 |
| Término indicativo de función/relación | entidad responsable |
| 776 08 - ENTRADA DE FORMULARIO FÍSICO ADICIONAL | |
| Número de control del registro | 120 |
| Información de relación | Versión impresa |
| Título | Anales de la Fundación Joaquín Costa = |
| Número Internacional Normalizado para Publicaciones Seriadas | ISSN 0213-1404 |
| biblionumber | 120 |
| 856 40 - LOCALIZACIÓN Y ACCESO ELECTRÓNICOS | |
| Identificador Uniforme de Recursos | <a href="https://revistas.iea.es/index.php/JC/issue/archive">https://revistas.iea.es/index.php/JC/issue/archive</a> |
| Texto de enlace | Acceso electrónico |
| 942 ## - ELEMENTOS DE ENTRADA SECUNDARIOS (KOHA) | |
| Fuente del sistema de clasificación o colocación | Clasificación decimal universal |
| Suprimir en OPAC | No |
| Tipo de ítem Koha | Revista electrónica |
| 955 ## - CATALOGADOR - EDICIÓN | |
| Nombre de catalogador | Inmaculada Vicente García |
No items available.
